| 000 | 02307nam a2200397 c 4500 | ||
|---|---|---|---|
| 999 |
_c136351 _d136351 |
||
| 003 | BLK | ||
| 005 | 20200522094638.0 | ||
| 008 | 180409b bul|||||r ||||||| ||bul|| | ||
| 010 | _aKNG00142292000 | ||
| 040 | _aBLK | ||
| 041 |
_aBUL _cBUL |
||
| 080 |
_aФизикални средства. Лечение с природни средства _b615.83 _z615.83 |
||
| 100 | 1 |
_aЕдрева, Веселина Владова _eпърви автор _9292434 |
|
| 139 |
_aЕдрева, Веселина Владова и др. _bЕ 34 |
||
| 245 | 1 | 0 |
_aГлавни балнеологични курорти _bСправочник _cВеселина Владова Едрева; под ред. на Димитър Костадинов; под ред. на Димо Иванов Караколев; * Цветан Стоянов Илиев; * Лилия Вл. Владева; * Георги Загорски. |
| 257 | _aBGR | ||
| 260 |
_bМедицина и физкултура _c1983 _aСофия |
||
| 300 |
_a219 с. _bс ил., табл., диагр. _c22 см |
||
| 380 | _a61 | ||
| 500 | _aДруги авт. : Цв. Илиев, Д. Караколев, Д. Костадинов, Д. Кръстева, Л. Владева, Г. Загорски, отбелязани на с. 5 ; Пълното име на авт. и ред. Димитър Костадинов е Димитър Костадинов Георгиев. - Библиогр. с. 216 и след някои материали. - 1 305 тир. | ||
| 650 | 4 |
_aБалнеотерапия - България _9246845 |
|
| 650 | 4 |
_aКурорти, български - справочници _9246844 |
|
| 653 | _aкурорти | ||
| 653 | _aбалнеотерапия | ||
| 653 | _aсправочници | ||
| 653 | 7 |
_aминерални бани _9191053 |
|
| 653 | 0 |
_aкалолечение _9411780 |
|
| 653 | 0 |
_aпоморийска луга _9411782 |
|
| 700 | 1 |
_aКостадинов, Димитър _eпод ред. на _gГеоргиев, Димитър Костадинов _9365184 |
|
| 700 | 1 |
_aКараколев, Димо Иванов _eпод ред. на _9378897 |
|
| 700 | 1 |
_aИлиев, Цветан Стоянов _e* _9325290 |
|
| 700 | 1 |
_aВладева, Лилия Вл. _e* _9378898 |
|
| 700 | 1 |
_aЗагорски, Георги _e* _9325291 |
|
| 852 | _aЦб 123065 | ||
| 856 | 4 | _qpdf | |
| 856 | 4 | _qpdf | |
| 942 |
_cKNG _n0 _s1 |
||
| 944 |
_aCR _c26.09.2016 _kКина_Георгиева |
||
| 944 |
_aED _c26.09.2016 _kКина_Георгиева |
||
| 999 | _d136351 | ||